| Tag |
First Indicator |
Second Indicator |
Subfields |
| LEADER |
00000cam a2200000 a 4500 |
| 001 |
in00001407038 |
| 005 |
20151020073104.0 |
| 008 |
970701s1998 enk b 001 0 eng |
| 010 |
|
|
|a 97026562
|
| 015 |
|
|
|a GB98-4629
|
| 019 |
|
|
|a 38336354
|
| 020 |
|
|
|a 0415164826
|
| 020 |
|
|
|a 0415164834 (pbk.)
|
| 035 |
|
|
|a (OCoLC)37282103
|
| 035 |
|
|
|9 AHQ4008AM
|
| 040 |
|
|
|a DLC
|c DLC
|d C#P
|d UKM
|d TXA
|d UtOrBLW
|
| 041 |
1 |
|
|a eng
|h fre
|
| 043 |
|
|
|a ew-----
|
| 049 |
|
|
|a TXAM
|
| 050 |
0 |
0 |
|a JN94.A38
|b R4347 1998
|
| 082 |
0 |
0 |
|a 320.54/9/094
|2 21
|
| 245 |
0 |
0 |
|a Regions in Europe /
|c edited by Patrick Le Galès and Christian Lequesne.
|
| 264 |
|
1 |
|a London ;
|a New York :
|b Routledge,
|c 1998.
|
| 300 |
|
|
|a xviii, 305 pages ;
|c 23 cm.
|
| 336 |
|
|
|a text
|b txt
|2 rdacontent
|
| 337 |
|
|
|a unmediated
|b n
|2 rdamedia
|
| 338 |
|
|
|a volume
|b nc
|2 rdacarrier
|
| 490 |
1 |
|
|a European public policy series
|
| 504 |
|
|
|a Includes bibliographical references (pages [268]-294) and index.
|
| 650 |
|
0 |
|a Regionalism
|z Europe, Western.
|
| 700 |
1 |
|
|a Le Galès, Patrick.
|
| 700 |
1 |
|
|a Lequesne, Christian.
|
| 830 |
|
0 |
|a European public policy series.
|
| 948 |
|
|
|a c:en
|
| 999 |
|
|
|a MARS
|
| 999 |
f |
f |
|s 4c052bf1-f299-312d-9877-8c325d86d271
|i ee77d396-9a2f-3665-a302-06c1e3166638
|t 0
|
| 952 |
f |
f |
|p ric
|a Texas A&M University
|b Rellis Campus
|c Joint Library Facility
|d Remote Storage
|t 0
|e JN94.A38 R4347 1998
|h Library of Congress classification
|i unmediated -- volume
|m A14822482568
|
| 998 |
f |
f |
|a JN94.A38 R4347 1998
|t 0
|l Remote Storage
|